<?xml version="1.0" encoding="UTF-8"?>
<record
    xmlns:xsi="http://www.w3.org/2001/XMLSchema-instance"
    xsi:schemaLocation="http://www.loc.gov/MARC21/slim http://www.loc.gov/standards/marcxml/schema/MARC21slim.xsd"
    xmlns="http://www.loc.gov/MARC21/slim">

  <leader>02327    a2200241   4500</leader>
  <controlfield tag="001">44600</controlfield>
  <controlfield tag="005">20260407155722.0</controlfield>
  <controlfield tag="008">260407a2017    arg                 spa d</controlfield>
  <controlfield tag="003">AR-UNSa-BCEJYS</controlfield>
  <datafield tag="040" ind1=" " ind2=" ">
    <subfield code="a">AR-UNSa-BCEJYS</subfield>
    <subfield code="b">spa</subfield>
    <subfield code="c">AR-UNSa-BCEJYS</subfield>
  </datafield>
  <datafield tag="080" ind1=" " ind2=" ">
    <subfield code="a">349.2</subfield>
    <subfield code="x">Derecho del Trabajo</subfield>
  </datafield>
  <datafield tag="245" ind1="1" ind2="0">
    <subfield code="a">Manual de derecho laboral</subfield>
  </datafield>
  <datafield tag="020" ind1=" " ind2=" ">
    <subfield code="a">978-950-20-2864-4</subfield>
  </datafield>
  <datafield tag="250" ind1=" " ind2=" ">
    <subfield code="a">13a. ed.</subfield>
  </datafield>
  <datafield tag="264" ind1=" " ind2="1">
    <subfield code="a">Buenos Aires :</subfield>
    <subfield code="b">Abeledo Perrot</subfield>
    <subfield code="c">2017</subfield>
  </datafield>
  <datafield tag="300" ind1=" " ind2=" ">
    <subfield code="a">liv, 1111 p.</subfield>
    <subfield code="c">24 cm.</subfield>
  </datafield>
  <datafield tag="505" ind1=" " ind2=" ">
    <subfield code="a">1. Trabajo humano. Derecho del trabajo. Pol&#xED;tica social - 2. Historia del derecho del trabajo. Perspectivas de las relaciones laborales - 3. Fuentes de derecho del trabajo - 4. Principios del derecho del trabajo - 5. Contrato de trabajo. Relaci&#xF3;n de dependencia - 6. Registraci&#xF3;n del contrato. Empleo no registrado y defectuosamente registrado. Sanciones y multas - 7. Fraude. Responsabilidad solidaria regulada en la lct - 8 . Responsabilidad de socios, gerentes y directores. Transferencia y cesi&#xF3;n del contrato - 9. Per&#xED;odo de prueba. Modalidades del contrato - 10. Derechos y deberes de las partes - 11. Remuneraciones - 12. R&#xE9;gimen de jornada. Descansos, feriados, vacaciones y licencias - 13. Trabajo de mujeres y menores - 14. Enfermedades y accidentes inculpables - 15.  Suspensi&#xF3;n del contrato de trabajo - 16. Estabilidad. Preaviso. Despido. Casos de injuria - 17. R&#xE9;gimen indemnizatorio. Art.245, LCT, y rubors principales. Indemnizaciones agravadas - 18. Formas de extinci&#xF3;n del contrato de trabajo - 19. R&#xE9;gimen de las peque&#xF1;as y medianas empresas (PYMES). Estatutos especiales - 20. Asociaciones sindicales de trabajadores - 21. Negociaci&#xF3;n colectiva. Convenios colectivos - 22. Conflictos colectivos de trabajo. Medidas de acci&#xF3;n directa - 23. Derecho administrativo y procesal del trabajo - 24. Derecho internacional del trabajo - 25. Accidentes del trabajo y enfermedades profesionales. Jurisprudencia - 26. Derecho de la seguridad social. Sistema integrado previsional argentino (SIPA) - 27. Seguro de desempleo - 28. Asignaciones familiares - 29. Obras sociales. Seguro de salud</subfield>
  </datafield>
  <datafield tag="041" ind1=" " ind2=" ">
    <subfield code="a">spa</subfield>
  </datafield>
  <datafield tag="942" ind1=" " ind2=" ">
    <subfield code="c">BK</subfield>
  </datafield>
  <datafield tag="590" ind1=" " ind2=" ">
    <subfield code="a">niveau_biblio:m niveau_hierar:0</subfield>
  </datafield>
  <datafield tag="100" ind1="1" ind2=" ">
    <subfield code="a">Grisolia, Julio Armando</subfield>
  </datafield>
  <datafield tag="856" ind1="4" ind2="1">
    <subfield code="u">https://biblioeco.unsa.edu.ar/pmb/images/libros/L126942.jpg</subfield>
    <subfield code="y">Imagen de portada</subfield>
    <subfield code="q">image/jpeg</subfield>
  </datafield>
  <datafield tag="999" ind1=" " ind2=" ">
    <subfield code="c">3800</subfield>
    <subfield code="d">3800</subfield>
  </datafield>
  <datafield tag="952" ind1=" " ind2=" ">
    <subfield code="0">0</subfield>
    <subfield code="1">0</subfield>
    <subfield code="4">0</subfield>
    <subfield code="7">0</subfield>
    <subfield code="a">BCEJYS</subfield>
    <subfield code="b">BCEJYS</subfield>
    <subfield code="c">16</subfield>
    <subfield code="d">2026-04-07</subfield>
    <subfield code="l">0</subfield>
    <subfield code="o">349.2 G869m 13ed.</subfield>
    <subfield code="p">L126942</subfield>
    <subfield code="r">2026-04-07 15:57:22</subfield>
    <subfield code="w">2026-04-07</subfield>
    <subfield code="y">L</subfield>
    <subfield code="z">CANTO SUCIO - HOJAS DOBLADAS (P&#xC1;G 379 A 396) - TAPAS SEMIDESPEGADAS</subfield>
  </datafield>
  <datafield tag="952" ind1=" " ind2=" ">
    <subfield code="0">0</subfield>
    <subfield code="1">0</subfield>
    <subfield code="4">0</subfield>
    <subfield code="7">0</subfield>
    <subfield code="a">BCEJYS</subfield>
    <subfield code="b">BCEJYS</subfield>
    <subfield code="c">16</subfield>
    <subfield code="d">2026-04-07</subfield>
    <subfield code="l">0</subfield>
    <subfield code="o">349.2 G869m 13ed.</subfield>
    <subfield code="p">L126943</subfield>
    <subfield code="r">2026-04-07 15:57:22</subfield>
    <subfield code="w">2026-04-07</subfield>
    <subfield code="y">L</subfield>
    <subfield code="z">L&#xC1;PIZ - MANCHADO - CANTO MANCHADO CON AZUL </subfield>
  </datafield>
</record>
